000 00269nam a22001217a 4500
008 180606b xxu||||| |||| 00| 0 eng d
041 _aeng
080 _a043.3
100 _a0
101 _aMBE-BA
245 _aSiguria ne Data Center
_cHajredinaj, F
942 _2udc
_cBK
999 _c46452
_d46452